Normal view
MARC view
- Duvall, Wilbur I.,
Entry Personal Name
001 - CONTROL NUMBER
- control field: 23491
003 - CONTROL NUMBER IDENTIFIER
- control field: NUST
005 - DATE AND TIME OF LATEST TRANSACTION
- control field: 20191010185317.0
008 - FIXED-LENGTH DATA ELEMENTS
- fixed length control field: 191010|| aca||aabn | a|a d
040 ## - CATALOGING SOURCE
- Original cataloging agency: NUST
- Transcribing agency: NUST
100 ## - HEADING--PERSONAL NAME
- Personal name: Duvall, Wilbur I.,
- Relator term: joint author.
670 ## - SOURCE DATA FOUND
- Source citation: Work cat.: (NUST)0: Obert, Leonard, 23488, Rock mechanics and the design of structures in rock, [1967]
